Popo's tail / (Record no. 22015)

MARC details
000 -LEADER
fixed length control field 01788nam a22002897a 4500
008 - FIXED-LENGTH DATA ELEMENTS--GENERAL INFORMATION
fixed length control field 090120t xxu||||| |||| 00| 0 eng d
010 ## - LCCN (DPL NO)
LC control number B-329539-543
020 ## - INTERNATIONAL STANDARD BOOK NUMBER
International Standard Book Number 8188236317
Terms of availability 120.00
035 ## - SYSTEM CONTROL NUMBER
System control number B-329539-543
037 ## - SOURCE OF ACQUISITION
Source of stock number/acquisition Vandana Book Agency
040 ## - CATALOGING SOURCE
Original cataloging agency DPL
Language of cataloging English
082 ## - DEWEY DECIMAL CLASSIFICATION NUMBER
Edition number S
100 ## - MAIN ENTRY--PERSONAL NAME
Personal name Jafa, Manorama
245 ## - TITLE STATEMENT
Title Popo's tail /
Statement of responsibility, etc by Manorma Jafa; illustrated by Lena Weyer
260 ## - PUBLICATION, DISTRIBUTION, ETC. (IMPRINT)
Place of publication, distribution, etc New Delhi
Name of publisher, distributor, etc Khaas Kitaab Foundation
Date of publication, distribution, etc 2005
270 ## - ADDRESS
Address 205, Gulmohar Enclave
City New Delhi
Postal code 1100149
Electronic mail address vjaa@bol.net.in
300 ## - PHYSICAL DESCRIPTION
Extent unpaged
Other physical details ill.
Dimensions 21cm. (pbk)
650 ## - SUBJECT ADDED ENTRY--TOPICAL TERM
Topical term or geographic name as entry element Stories
700 ## - ADDED ENTRY--PERSONAL NAME
Personal name Weyer, Lena
942 ## - ADDED ENTRY ELEMENTS (KOHA)
Source of classification or shelving scheme Dewey Decimal Classification
Item type Children Books
Classification part S
Call number suffix JAF
Holdings
Withdrawn status Lost status Source of classification or shelving scheme Damaged status Not for loan Collection code Home library Current library Date acquired Source of acquisition Cost, normal purchase price Total Checkouts Full call number Barcode Date last seen Copy number Cost, replacement price Koha item type
    Dewey Decimal Classification     Fiction Central Library Central Library 01/07/2009 Vandana Book Agency/VBA-0683/4.5.09/16/23.4.09/3.6.09 120.00   S JAF B-329539 01/07/2009 1 120.00 Children Books
    Dewey Decimal Classification     Fiction Karol Bagh Karol Bagh 01/07/2009 Vandana Book Agency/VBA-0683/4.5.09/16/23.4.09/3.6.09 120.00   S JAF B-329542 01/07/2009 1 120.00 Children Books
    Dewey Decimal Classification     Fiction Patel Nagar Patel Nagar 01/07/2009 Vandana Book Agency/VBA-0683/4.5.09/16/23.4.09/3.6.09 120.00   S JAF B-329540 01/07/2009 1 120.00 Children Books
    Dewey Decimal Classification     Fiction Patel Nagar Patel Nagar 01/07/2009 Vandana Book Agency/VBA-0683/4.5.09/16/23.4.09/3.6.09 120.00 2 S JAF B-329541 14/08/2019 1 120.00 Children Books
    Dewey Decimal Classification     Fiction Shahdara Branch Shahdara Branch 01/07/2009 Vandana Book Agency/VBA-0683/4.5.09/16/23.4.09/3.6.09 120.00 5 S JAF B-329543 12/02/2022 1 120.00 Children Books

© Delhi Public Library
Hit Counter
free hit counter